header

The Canadian system of soil classification (Record no. 1205)

MARC details
000 -LEADER
fixed length control field 01545nam a2200373 a 4500
082 04 - DEWEY DECIMAL CLASSIFICATION NUMBER
Classification number 631.4/4/0971
245 14 - TITLE STATEMENT
Title The Canadian system of soil classification
250 ## - EDITION STATEMENT
Edition statement 3rd ed.
260 ## - PUBLICATION, DISTRIBUTION, ETC. (IMPRINT)
Place of publication Ottawa :
Name of publisher NRC Research Press,
Year of publication 1998.
300 ## - PHYSICAL DESCRIPTION
Number of Pages xiii, 187 p. :
Other physical details ill. (some col.).
490 1# - SERIES STATEMENT
Series statement Publication ;
650 #0 - SUBJECT ADDED ENTRY--TOPICAL TERM
Topical Term Soils
Topical Term Soils
856 40 - ELECTRONIC LOCATION AND ACCESS
Uniform Resource Identifier http://site.ebrary.com/lib/rucke/Doc?id=5001461

No items available.

© 2026 Rongo University
Contact us: librarian | system librarian | Rongo university